Statistics for Name The 10 countries with the most Lakes

Click here to take the quiz!

General Stats

  • This quiz has been taken 29 times
    (13 since last reset)
  • The average score is 10 of 11

Answer Stats

HintAnswer% Correct
20,900 LakesBrazil
100%
879,800 LakesCanada
100%
The land of a thousand lakesFinland
100%
201,200 LakesRussia
100%
102,500 LakesUnited states of america
100%
13,600 LakesArgentina
92%
23,800 LakesChina
92%
20,000 LakesNorway
92%
22,600 LakesSweden
92%
11,400 LakesAustralia
77%
12,400 LakesKazakhstan
62%

Score Distribution

Percentile by Number Answered

Percent of People with Each Score

Your Score History

You have not taken this quiz since the last reset